000 00915nac a22002897a 4500
001 BR9603914
003 BR-BrBNA
005 20240105121756.0
008 230509b bl.|||m| |||| 00| 0 por d
040 _aBR-BrBNA
_bpor
_cBiblioteca Nacional de Agricultura
072 _aN20; U10
090 _a4520 BR9603914
100 1 _aDias, G.P.
100 1 _aPinto, F. de A.C.
100 1 _aVieira, L.B.
110 1 _aAssociacao dos Engenheiros Agricolas de Minas Gerais, Vicosa (Brasil)
_9584
245 1 _aSimulacao da capacidade operacional maxima
260 3 _aVicosa, MG (Brasil):
_c1994.
300 _a6 p.
490 _aEngenharia na Agricultura. Serie Mecanizacao Agricola (Brazil)
_vv. 3 no. (5)
_x
500 _aSummaries (En, Pt)
650 _aArado
650 _aPrograma de Computador
650 _aModelo Matematico
909 _a202312
_bLúcia Elande
_c55
_dLúcia Elande
942 _2AGRIS
_n0
_cMS
999 _c287375
_d287375